|
|
|
|
| LEADER |
00000nab a2200000 a 4500 |
| 001 |
vtls000671494 |
| 003 |
SK-MaSNL |
| 005 |
20260304232956.0 |
| 008 |
040806c1998 xo 0 slo |
| 015 |
|
|
|a SNBRB1998/09-25730
|
| 035 |
|
|
|a CLN000023671
|
| 040 |
|
|
|a SNKBUCL
|b slo
|c SNKBUCL
|e AACR2
|
| 041 |
0 |
|
|a slo
|
| 044 |
|
|
|a xo
|c SK
|
| 080 |
|
|
|a 329.7(437.6)HZDS:342.849.2
|2 UDC-MRF-SK2
|
| 100 |
1 |
|
|a Leško, Marián,
|d 1954-
|4 aut
|9 263778
|
| 245 |
1 |
0 |
|a HZDS robí kampaň bez predsedu
|c Marián Leško
|
| 610 |
2 |
7 |
|a Hnutie za demokratické Slovensko
|2 snkbucl
|9 14440
|
| 648 |
|
7 |
|a 1998
|2 snkbucl
|9 282348
|
| 650 |
0 |
7 |
|a volebná kampaň
|2 snkbucl
|9 4513
|
| 655 |
|
7 |
|a články z novín a časopisov
|2 snkbucl
|9 267496
|
| 773 |
0 |
|
|t Sme
|g Roč. 6 a 51, č. 204 (4.9.1998), s. 4
|
| 850 |
|
|
|a Slovenská národná knižnica v Martine
|
| 852 |
|
|
|a SNK
|b KIS3GCP
|
| 999 |
|
|
|c 3196521
|d 3198451
|